Fr. Conceicao Rodrigues College of Engineering

Getting started with MATLAB (Record no. 21344)

MARC details
000 -LEADER
fixed length control field 00325nam a2200157Ia 4500
082 ## - DEWEY DECIMAL CLASSIFICATION NUMBER
Classification number 5.131
Item number PRA
100 ## - MAIN ENTRY--PERSONAL NAME
Personal name Pratab/Rudra
250 ## - EDITION STATEMENT
Edition statement 6
245 ## - TITLE STATEMENT
Title Getting started with MATLAB
260 ## - PUBLICATION, DISTRIBUTION, ETC.
Name of publisher, distributor, etc. Oxford university press
Date of publication, distribution, etc. 2002
300 ## - PHYSICAL DESCRIPTION
Extent 245
546 ## - LANGUAGE NOTE
Language note ENGLISH
654 ## - SUBJECT ADDED ENTRY--FACETED TOPICAL TERMS
Focus term MATLAB
942 ## - ADDED ENTRY ELEMENTS (KOHA)
Koha item type BOOK
Holdings
Withdrawn status Lost status Damaged status Not for loan Collection Home library Current library Date acquired Total Checkouts Full call number Barcode Date last seen Price effective from Koha item type Date due Date last checked out Total Renewals
        CRC Fr. Agnel's C.Rodrigues College of Engineering AGNEL TECHNICAL COLLEGE LIBRARY 17/03/2023 1 5.131 PRA 13139 05/12/2024 17/03/2023 BOOK 15/12/2024 05/12/2024 1
        CRC Fr. Agnel's C.Rodrigues College of Engineering Fr. Agnel's C.Rodrigues College of Engineering 17/03/2023   5.131 PRA 13136 17/03/2023 17/03/2023 BOOK      
        CRC Fr. Agnel's C.Rodrigues College of Engineering Fr. Agnel's C.Rodrigues College of Engineering 17/03/2023   5.131 PRA 13138 17/03/2023 17/03/2023 BOOK      
        CRC Fr. Agnel's C.Rodrigues College of Engineering Fr. Agnel's C.Rodrigues- College of Engineering 17/03/2023 1 5.131 PRA 13137 12/06/2023 17/03/2023 BOOK 05/02/2014 12/06/2023